01171nam a2200229 a 4500008004100000020001800041050002000059100001800079245013300097260003900230300003700269650003600306650003600342650002700378700002200405700001900427995010100446995010100547999001700648952013800665952013800803211028s2014 ||||||||||||||||| || u a9781452578903 aHF 5415.32 Jou  aMurphy, James14aThe big lie : ... or interpreting your global customer's inner life for profitcBy Christophe Jouan; Meabh Quoirin; James Murphy aBloomington INbBalboa Pressc2014 axxiii, 212 pages : illustrations aCONSUMERS--INFORMATION SERVICES aCONSUMER BEHAVIOUR--FORECASTING aMARKETING--FORECASTING aJouan, Christophe aQuoirin, Meabh FCBU-MAIN LIBRARY (Kitwe)I20.61M1UAVAILABLEWOct 28, 2021ZMain Library Open Access Collection FCBU-MAIN LIBRARY (Kitwe)I20.61M2UAVAILABLEWOct 28, 2021ZMain Library Open Access Collection c80976d80976 00102lcc4070a001b001cMain Library Open Access Collectiond2023-07-14l0oHF 5415.32 Joup751305r2023-07-14t1w2023-07-14y002 00102lcc4070a001b001cMain Library Open Access Collectiond2023-07-14l0oHF 5415.32 Joup751306r2023-07-14t2w2023-07-14y002